History Quiz

Random History or Biography Quiz
Score 0/25 Timer 04:00
3 Plays Today
% Correct
John Adams
95.7%
Washington
94.3%
State
94.1%
Virginia
93.8%
equal
92.2%
Rushmore
91%
Lincoln
89.9%
Roosevelt
88.6%
Mississippi
88.4%
Clark
87.8%
Declaration of Independence
87.2%
Lewis
87%
James Madison
86.9%
% Correct
truths
86.9%
Aaron Burr
85.8%
Louisiana Purchase
85.5%
Alexander Hamilton
85.3%
Rocky
84.8%
liberty
84.3%
happiness
84.1%
pursuit
84.1%
life
83.1%
unalienable
78.4%
Monticello
74.8%
endowed
62.5%
Remove Ads.
Support Sporcle.
Get the best of Sporcle when you Go Orange. This ad-free experience offers more features, more stats, and more fun while also helping to support Sporcle. Thank you for becoming a member.

You're not logged in!

Compare scores with friends on all Sporcle quizzes.
OR
Log In

Show Comments

Extras

Top Quizzes Today


Score Distribution

Your Account Isn't Verified!

In order to create a playlist on Sporcle, you need to verify the email address you used during registration. Go to your Sporcle Settings to finish the process.

Report this User

Report this user for behavior that violates our Community Guidelines.

Details: